000 00998 a2200217 4500
001 13663
005 20260407155444.0
008 260407a2001 arg spa d
003 AR-UNSa-BCEJYS
040 _aAR-UNSa-BCEJYS
_bspa
_cAR-UNSa-BCEJYS
080 _a336.1
_xFinanzas Públicas. Finanzas del gobierno en general
245 1 0 _aManual de transparencia fiscal
020 _a1-58906-140-3
264 1 _aWashington :
_bFondo Monetario Internacional
_c2001
300 _ax, 88 p.
_c28 cm.
505 _a1. Clara definición de funciones y responsabilidades - 2. Acceso del público a la información - 3. Transparencia en la preparación, ejecución y publicación del presupuesto - 4. Garantías de integridad
942 _cBK
590 _aniveau_biblio:m niveau_hierar:0
100 1 _aFondo Monetario Internacional. Departamento de Finanzas Públicas
856 4 1 _uhttps://biblioeco.unsa.edu.ar/pmb/images/libros/Manual de transparencia fiscal-l116191.jpg
_yImagen de portada
_qimage/jpeg
999 _c542
_d542